00168nam a2200085Ia 4500100002000000245002600020260000900046082001900055300000800074 aMotwani- Bharti aData analytics with R c2019 a005.312b MOT a646